• 首页
  • 本馆介绍
  • 公告通知
  • 最新文献
  • 馆藏检索
  • 电子资源
  • 读者导购
  • 参考咨询
  • 我的图书馆
  • 登录
  • 详细信息显示
  • 放入我的书架
  • 预约/预借图书
  • 作者相关作品
  • 分类相关作品
  • 丛书相关作品
  • 出版社相关作品

书目信息

  • 表格格式
  • 工作单格式
  • 卡片格式
题名:
世界传媒产业评论
    
 
作者: 吴信训 主编
分册: 第8辑  
出版信息: 北京   中国国际广播出版社  2011.06
页数: 236页
开本: 24cm
丛书名:
单 册:
中图分类: G219.1-53
科图分类:
主题词: 传播媒介--产业经济学--世界--文集 , 传播媒介 , 产业经济学
电子资源:
ISBN: 978-7-5078-3372-0
000 01044nam0 2200289 450
001 010010018945
005 20130609083438.90
010    @a978-7-5078-3372-0@dCNY32.00
035    @a005533420
100    @a20111222d2011 em y0chiy0110 ea
101 0  @achi@eeng
102    @aCN@b110000
105    @aa z 000yy
106    @ar
200 1  @a世界传媒产业评论@9shi jie chuan mei chan ye ping lun@h第8辑@dInternational media industry review@hVol. 8@f吴信训主编@zeng
210    @a北京@c中国国际广播出版社@d2011.06
215    @a236页@c图@d24cm
300    @a上海市高校人文社会科学重点研究基地基金资助
330    @a本书分为“文化创意产业发展的创新思维”、“传媒产业发展趋势瞭望”、“媒介融合背景下传媒产业经营创新”、“新媒体发展的人文反思”等专栏。
510 1  @aInternational media industry review@hVol. 8@zeng
606 0  @a传播媒介@x产业经济学@y世界@j文集
606 0  @a传播媒介
606 0  @a产业经济学
690    @aG219.1-53@v4
701  0 @a吴信训@9wu xin xun@f(1949~)@4主编
801  0 @aCN@bNLC@c20120210
905    @dG219.1-53@e539
    
    世界传媒产业评论.第8辑=International media industry review.Vol. 8/吴信训主编.-北京:中国国际广播出版社,2011.06
    236页:图;24cm
    上海市高校人文社会科学重点研究基地基金资助
    
    ISBN 978-7-5078-3372-0:CNY32.00
    本书分为“文化创意产业发展的创新思维”、“传媒产业发展趋势瞭望”、“媒介融合背景下传媒产业经营创新”、“新媒体发展的人文反思”等专栏。
●
相关链接 在E读中查询图书 在五车中查询图书 在当当中查询图书 在豆瓣中查询图书


正题名:世界传媒产业评论     索取号:G219.1-53/539         预约/预借

序号 登录号 条形码 馆藏地/架位号 状态 备注
1 0545156   205451562   第一样本阅览室/ [索取号:G219.1-53/539] 在馆    
2 0545157   205451571   第四借阅区/ [索取号:G219.1-53/539] 在馆    
3 0545158   205451580   第四借阅区/ [索取号:G219.1-53/539] 在馆    
4 0545159   205451599   第四借阅区/ [索取号:G219.1-53/539] 在馆    
5 0545160   205451606   第四借阅区/ [索取号:G219.1-53/539] 在馆    
唐山师范学院图书馆 欢迎您!
大连网信软件有限公司© 版权所有